[Event "FINAL MISTRZOSTW POLSKI MLODZIKOW 2016 - CHLOPCY"]
[Site "Jastrzebia Gora"]
[Date "1899-12-30"]
[Round "2.21"]
[White "Demski, Michal"]
[Black "Grodzicki, Piotr"]
[Result "1-0"]
[WhiteTitle "II"]
[BlackTitle "II"]
[WhiteElo "1278"]
[BlackElo "1129"]

1. e4 c5 2. Nf3 d6 3. d4 cxd4 4. Nxd4 Nf6 5. Nc3 a6 6. Be3 e6 7. f3 Be7 8. Qd2
Bd7 9. O-O-O O-O 10. g4 b5 11. h4 b4 12. Nce2 a5 13. h5 Nc6 14. g5 Ne8 15. g6
fxg6 16. hxg6 Nf6 17. Nf4 Nxd4 18. Qxd4 e5 19. Qc4+ Kh8 20. gxh7 exf4 21. Bxf4
Ne8 22. Be2 Qc8 23. Qd5 Nc7 24. Qd2 Qd8 25. Kb1 Ne8 26. Rdg1 Be6 27. Bh6 Bf6 28.
Bf4 Qb6 29. Be3 Qc6 30. Bd3 Bc4 31. Bxc4 Qxc4 32. Qg2 Bd4 33. Bxd4 Qxd4 34. Rh5
Ra7 35. Rh6 d5 36. Re6 dxe4 37. Rxe4 Qf6 38. Qe2 Qf7 39. Qd3 Re7 40. Rxe7 Qxe7
41. b3 Qf6 42. Re1 Nd6 43. Qd5 Re8 44. Rxe8+ 1-0

[Event "FINAL MISTRZOSTW POLSKI MLODZIKOW 2016 - CHLOPCY"]
[Site "Jastrzebia Gora"]
[Date "1899-12-30"]
[Round "2.22"]
[White "Lesien, Tymoteusz"]
[Black "Wilk, Igor"]
[Result "1/2-1/2"]
[WhiteTitle "II"]
[BlackTitle "III"]
[WhiteElo "1213"]
[BlackElo "1103"]

1. d4 d5 2. c4 e6 3. Nf3 Nf6 4. e3 Be7 5. Be2 dxc4 6. Bxc4 O-O 7. O-O c5 8. Nc3
cxd4 9. exd4 Nc6 10. Be3 b6 11. Qd2 Bb7 12. Rad1 Na5 13. Be2 Ng4 14. h3 Nxe3 15.
Qxe3 Bxf3 16. Bxf3 Rc8 17. Rfe1 Bg5 18. Qd3 Nc4 19. Qc2 Be7 20. b3 Na3 21. Qb2
Bb4 22. Re3 Rxc3 23. Rxc3 Bxc3 24. Qxc3 Qc8 25. Qb2 Nb5 26. a4 Qc3 27. Qxc3 Nxc3
28. Rc1 Rc8 29. Kf1 Rc7 30. Ke1 Nd5 31. Rxc7 Nxc7 32. Kd2 f5 33. Ke3 g5 34. g4
Kf7 35. gxf5 exf5 36. d5 Ke7 37. Kd4 Kd6 38. b4 a6 39. Bg2 Na8 40. Bf3 Nc7 41.
Bg2 Na8 1/2-1/2

[Event "FINAL MISTRZOSTW POLSKI MLODZIKOW 2016 - CHLOPCY"]
[Site "Jastrzebia Gora"]
[Date "1899-12-30"]
[Round "2.23"]
[White "Zmuda, Mateusz"]
[Black "Jaskiewicz, Kacper"]
[Result "1/2-1/2"]
[WhiteTitle "II"]
[BlackTitle "II"]
[WhiteElo "1199"]
[BlackElo "1100"]

1. c4 e5 2. g3 d6 3. Nc3 Nf6 4. Bg2 Nc6 5. d3 h6 6. Nf3 Bg4 7. O-O Be7 8. Bd2 Qd7
9. a3 Bh3 10. e3 Bxg2 11. Kxg2 Nh7 12. b4 Ng5 13. b5 Nd8 14. a4 Nxf3 15. Qxf3
Rb8 16. e4 Bg5 17. Be3 b6 18. a5 Ne6 19. a6 h5 20. h4 Bf6 21. Nd5 Qd8 22. Nxf6+
Qxf6 23. Qxf6 gxf6 24. f4 exf4 25. Bxf4 Ke7 26. Be3 Nc5 27. Bd4 Rh6 28. Bxc5 bxc5
29. Rad1 Rg8 30. d4 cxd4 31. Rxd4 Ke6 32. Rd5 Rg4 33. Kf3 Rg8 34. c5 dxc5 35.
Rxc5 Kd6 36. Rc6+ Kd7 37. Rd1+ Kc8 38. e5 Rhg6 39. exf6 Rxg3+ 40. Kf2 Rg2+ 41.
Ke1 Rg1+ 42. Kd2 1/2-1/2

[Event "FINAL MISTRZOSTW POLSKI MLODZIKOW 2016 - CHLOPCY"]
[Site "Jastrzebia Gora"]
[Date "1899-12-30"]
[Round "2.24"]
[White "Pisarek, Jan"]
[Black "Kubaszewski, Piotr"]
[Result "1-0"]
[WhiteTitle "II"]
[BlackTitle "III"]
[WhiteElo "1191"]
[BlackElo "1097"]

1. e4 e6 2. d4 d5 3. Nd2 Nc6 4. c3 g6 5. Bd3 Bg7 6. Ne2 Nge7 7. Nf3 O-O 8. O-O
Re8 9. Bg5 h6 10. Bh4 Bd7 11. e5 Qc8 12. h3 Nf5 13. Bxf5 exf5 14. Qd2 Be6 15.
Bg3 a6 16. h4 Qd8 17. Bf4 h5 18. Bg5 f6 19. exf6 Bxf6 20. Nf4 Bf7 21. Rfe1 Bxg5
22. Nxg5 Qd6 23. g3 Rad8 24. Rxe8+ Rxe8 25. Re1 Rxe1+ 26. Qxe1 Ne7 27. Kg2 c6
28. Nfe6 Bxe6 29. Qxe6+ Qxe6 30. Nxe6 b5 31. b4 Kf7 32. Nc5 Ke8 33. Nxa6 Kd7 34.
Nc5+ Kd6 35. Kf3 Nc8 36. Kf4 Ne7 37. Kg5 Kc7 38. Ne6+ Kd6 39. Nf8 Nc8 40. Nxg6
Ke6 41. Nf4+ Kf7 42. Kxf5 Ne7+ 43. Kg5 Kg7 44. Nxh5+ Kf7 45. Nf4 Ng8 46. Ng6 Ke6
47. h5 Kf7 48. h6 Nxh6 49. Kxh6 Kf6 50. g4 Kf7 51. Ne5+ Kg8 52. Nxc6 1-0

[Event "FINAL MISTRZOSTW POLSKI MLODZIKOW 2016 - CHLOPCY"]
[Site "Jastrzebia Gora"]
[Date "1899-12-30"]
[Round "2.25"]
[White "Kusiak, Mateusz"]
[Black "Choina, Jan"]
[Result "1-0"]
[WhiteTitle "III"]
[BlackTitle "II"]
[WhiteElo "1085"]
[BlackElo "1190"]

1. e4 c5 2. Nc3 d6 3. g3 Nf6 4. Bg2 g6 5. f4 Bg7 6. d3 O-O 7. Be3 Nc6 8. Nf3 Ng4
9. Bd2 Qb6 10. Rb1 c4 11. Qe2 cxd3 12. cxd3 Nd4 13. Nxd4 Bxd4 14. Nd5 Qd8 15.
h3 Nf6 16. Nxf6+ Bxf6 17. O-O Bd7 18. g4 Bg7 19. f5 Qc7 20. g5 f6 21. gxf6 Rxf6
22. Bc3 Rff8 23. Bxg7 Kxg7 24. fxg6 hxg6 25. b3 Rh8 26. e5 dxe5 27. d4 Qc8 28.
Qxe5+ Kg8 29. Qxe7 Rh7 30. Bd5+ Kh8 31. Qe5+ Rg7 32. Rf7 Qg8 33. Rxd7 Qh7 34.
Qxg7+ Qxg7 35. Rxg7 Kxg7 36. Bxb7 Rb8 37. Bc6 Rf8 38. d5 Rf3 39. Re1 Rxh3 40.
d6 Rd3 41. d7 Kf7 42. Re8 Rd6 43. d8=Q Rxd8 44. Rxd8 1-0

[Event "FINAL MISTRZOSTW POLSKI MLODZIKOW 2016 - CHLOPCY"]
[Site "Jastrzebia Gora"]
[Date "1899-12-30"]
[Round "2.26"]
[White "Wnek, Filip"]
[Black "Nowicki, Filip"]
[Result "1-0"]
[WhiteTitle "II"]
[BlackTitle "III"]
[WhiteElo "1188"]
[BlackElo "1092"]

1. e4 c5 2. Nf3 e6 3. d4 cxd4 4. Nxd4 a6 5. c4 d6 6. Nc3 Nf6 7. Bd3 b6 8. O-O Bb7
9. f3 g6 10. Be3 Bg7 11. b4 Nc6 12. Qa4 Qd7 13. Nxc6 Bxc6 14. Qc2 Rb8 15. c5 dxc5
16. bxc5 b5 17. Bf4 Rd8 18. Bd6 Bf8 19. e5 Ng8 20. Rad1 Qa7 21. Bxf8 Kxf8 22.
Ne4 Bxe4 23. Bxe4 Rc8 24. Rc1 Ne7 25. Kh1 Nc6 26. f4 Kg7 27. Rfd1 Nb4 28. Qb3
Nc6 29. Qf3 Qc7 30. a3 Na5 31. c6 Rhd8 32. Rxd8 Rxd8 33. h3 Rd4 34. Qe3 Rc4 35.
Rxc4 Nxc4 36. Qc5 h5 37. Bd3 Na5 38. Be4 Nc4 39. a4 Nb6 40. Qd6 Na8 41. axb5 axb5
42. Qa3 Qb8 43. Qd6 Qc7 44. Bd3 h4 45. Bxb5 Qa5 46. Bf1 Qe1 47. Qd3 Nc7 48. Kg1
Qc1 49. Qc4 Qe3+ 50. Kh1 Qe1 51. Qe2 Qc1 52. Qf3 Qe1 53. Kg1 Kf8 54. Qa3+ Kg8
55. Qc5 Kg7 56. Qa7 Kg8 57. Qxc7 Qe3+ 58. Kh1 Qe1 59. Qb8+ Kg7 60. Qb5 Qc1 61.
Qc4 Qe1 62. c7 Qf2 63. c8=Q Qg3 64. Qd8 Qf2 65. Qf6+ Kh7 66. f5 Qa7 67. Qcxh4+
1-0

[Event "FINAL MISTRZOSTW POLSKI MLODZIKOW 2016 - CHLOPCY"]
[Site "Jastrzebia Gora"]
[Date "1899-12-30"]
[Round "2.27"]
[White "Malinowski, Szymon"]
[Black "Fudal, Patryk"]
[Result "1-0"]
[WhiteTitle "II+"]
[BlackTitle "III"]
[WhiteElo "1175"]
[BlackElo "1082"]

1. d4 d5 2. c4 e6 3. Nc3 c6 4. Nf3 Nf6 5. Bg5 Nbd7 6. e3 h6 7. Bh4 Be7 8. Bd3 a6
9. O-O b5 10. c5 O-O 11. a3 a5 12. Qc2 Qc7 13. h3 Re8 14. Bg3 Qb7 15. Rfe1 Qa7
16. e4 dxe4 17. Nxe4 Ba6 18. Nd6 Bxd6 19. Bxd6 Qb7 20. b4 a4 21. Rad1 Rad8 22.
Qd2 Rc8 23. Qf4 Red8 24. Qg3 Kh8 25. Qh4 Kg8 26. Qf4 Re8 27. Qg3 Kh8 28. Bf4 Rg8
29. Bd6 Rge8 30. Qf4 Kg8 31. Kh1 Kh8 32. Qh4 Kg8 33. g4 Nf8 34. g5 hxg5 35. Qxg5
N8h7 36. Qg2 g6 37. Rg1 Kh8 38. Ng5 Rg8 39. Nxh7 Nxh7 40. Qf3 Rge8 41. Be5+ Kg8
42. Bxg6 fxg6 43. Rxg6+ Qg7 44. Rxg7+ Kh8 45. Rg6+ Nf6 46. Bxf6+ Kh7 47. Qh5#
1-0

[Event "FINAL MISTRZOSTW POLSKI MLODZIKOW 2016 - CHLOPCY"]
[Site "Jastrzebia Gora"]
[Date "1899-12-30"]
[Round "2.28"]
[White "Pancewicz, Szymon"]
[Black "Grzadka, Artur"]
[Result "1-0"]
[WhiteTitle "II"]
[BlackTitle "II"]
[WhiteElo "1079"]
[BlackElo "1172"]

1. Nf3 c5 2. g3 d6 3. c4 Nf6 4. Bg2 g6 5. O-O Bg7 6. Nc3 O-O 7. d3 Nc6 8. Bd2 Bd7
9. a3 Qc8 10. Re1 Re8 11. Rb1 Bh3 12. Bh1 e6 13. b4 cxb4 14. axb4 a6 15. b5 axb5
16. Nxb5 Qd7 17. Ng5 e5 18. f3 Be6 19. Bg2 h6 20. Nxe6 fxe6 21. Qc1 Kh7 22. Rb3
d5 23. Rd1 Re7 24. Be3 d4 25. Bd2 Rf7 26. Qb2 Raf8 27. Rb1 Rb8 28. Na3 Bf8 29.
Nc2 Kh8 30. f4 Nh5 31. fxe5 Bg7 32. Rb6 Nd8 33. Be4 Kh7 34. Qxd4 Qxd4+ 35. Nxd4
Bxe5 36. Be3 Bc7 37. R6b5 e5 38. Nb3 b6 39. c5 bxc5 40. Rxb8 Bxb8 41. Nxc5 Ba7
42. Rb5 Nb7 43. Rxb7 Rxb7 44. Bxb7 Nf6 45. Bf2 Ng4 46. Ne4 Nxf2 47. Nxf2 Kg7 48.
Kg2 Kf6 49. Ne4+ Kf5 50. Kf3 g5 51. Bc8+ Kg6 52. Kg4 h5+ 53. Kf3 g4+ 54. Kg2 Be3
55. h3 gxh3+ 56. Kxh3 Bd4 57. Kh4 Bb6 58. Bd7 Bd8+ 59. Kh3 Kh6 60. g4 Kg6 61.
Be8+ Kh6 62. gxh5 Bb6 63. Kg4 Bc7 64. Kf5 Bb8 65. Nc5 Bc7 66. Nd7 Bd6 67. Bg6
Kg7 68. Nxe5 Bxe5 69. Kxe5 Kh6 70. d4 Kg5 71. d5 Kh6 72. d6 Kg7 73. h6+ Kxh6 74.
d7 Kxg6 75. d8=Q Kg7 76. Qf6+ Kh7 77. Qg5 Kh8 78. Kf6 Kh7 79. Qg7# 1-0

[Event "FINAL MISTRZOSTW POLSKI MLODZIKOW 2016 - CHLOPCY"]
[Site "Jastrzebia Gora"]
[Date "1899-12-30"]
[Round "2.29"]
[White "Krahel, Karol"]
[Black "Doskocz, Karol"]
[Result "1-0"]
[WhiteTitle "II"]
[BlackTitle "II"]
[WhiteElo "1170"]
[BlackElo "1074"]

1. e4 c5 2. Nf3 e6 3. d4 cxd4 4. Nxd4 a6 5. c4 Qc7 6. Be3 Nf6 7. f3 Bc5 8. Be2
O-O 9. O-O Nc6 10. Nc3 Qb6 11. Na4 Qb4 12. a3 Qa5 13. b4 Nxb4 14. axb4 Qxb4 15.
Kh1 Bxd4 16. Bxd4 d6 17. Bc3 Qxc3 18. Nxc3 Rd8 19. e5 Ne8 20. Qd2 b6 21. Rfd1
Bb7 22. exd6 Nxd6 23. Ne4 Bxe4 24. fxe4 h6 25. e5 Ne4 26. Qxd8+ Rxd8 27. Rxd8+
Kh7 28. Bd3 f5 29. Bxe4 fxe4 30. Re1 Kg6 31. Rxe4 Kf5 32. Re1 a5 33. Rf8+ Kg6
34. Rb1 a4 35. Rxb6 a3 36. Ra6 Kg5 37. Rxa3 Kg6 38. c5 Kh7 39. h4 g5 40. h5 Kg7
41. Rb8 Kf7 42. Ra7# 1-0

[Event "FINAL MISTRZOSTW POLSKI MLODZIKOW 2016 - CHLOPCY"]
[Site "Jastrzebia Gora"]
[Date "1899-12-30"]
[Round "2.30"]
[White "Homza, Dominik"]
[Black "Karwacki, Piotr"]
[Result "0-1"]
[WhiteTitle "II"]
[BlackTitle "II"]
[WhiteElo "1019"]
[BlackElo "1164"]

1. e4 c5 2. Nf3 d6 3. d4 cxd4 4. Nxd4 Nf6 5. Nc3 a6 6. Bc4 e6 7. O-O Be7 8. Be3
O-O 9. Qd2 Ng4 10. Rad1 b5 11. Be2 Nxe3 12. Qxe3 Bb7 13. Bd3 Nc6 14. Nxc6 Bxc6
15. a3 Bf6 16. Qd2 Rc8 17. Rb1 Bd4 18. Ne2 Bb6 19. Ng3 d5 20. exd5 Qxd5 21. Ne4
f5 22. Be2 fxe4 23. Qxd5 exd5 24. b4 Rf6 25. c3 Rcf8 26. Rbe1 Bxf2+ 27. Rxf2 Rxf2
28. g4 e3 29. h4 d4 30. cxd4 Rg2+ 31. Kh1 Rxe2+ 32. Kg1 Rxe1+ 33. Kh2 Rh1+ 34.
Kg3 Rf3+ 35. Kg2 Rfh3+ 0-1

[Event "FINAL MISTRZOSTW POLSKI MLODZIKOW 2016 - CHLOPCY"]
[Site "Jastrzebia Gora"]
[Date "1899-12-30"]
[Round "3.1"]
[White "Chyzy, Jakub"]
[Black "Madajczak, Piotr"]
[Result "1-0"]
[WhiteTitle "I"]
[BlackTitle "II"]
[WhiteElo "1803"]
[BlackElo "1377"]

1. e4 c5 2. Nf3 Nc6 3. d4 cxd4 4. Nxd4 g6 5. Nc3 Bg7 6. Be3 Nf6 7. Nxc6 bxc6 8.
e5 Ng8 9. f4 Nh6 10. Bf2 O-O 11. Qd2 d6 12. exd6 exd6 13. Be2 Bg4 14. O-O Bxe2
15. Qxe2 Re8 16. Qd2 d5 17. Rfe1 Qc7 18. Rxe8+ Rxe8 19. Re1 Rd8 20. Bd4 Bxd4+
21. Qxd4 Qb6 22. Qxb6 axb6 23. Re7 Nf5 24. Rb7 b5 25. Rc7 Nd4 26. Kf2 Nxc2 27.
Rxc6 d4 28. Nxb5 d3 29. Rd6 Ra8 30. a3 Rb8 31. a4 Ra8 32. b3 Rc8 33. Rxd3 Nb4
34. Rd4 Na2 35. b4 Rb8 36. Ke1 Rc8 37. a5 Rb8 38. a6 Ra8 39. a7 Kf8 40. Kd2 Ke7
41. Kc2 Rc8+ 42. Kb1 Nc1 43. Rc4 Ra8 44. Kxc1 Ke6 45. Nc7+ 1-0

[Event "FINAL MISTRZOSTW POLSKI MLODZIKOW 2016 - CHLOPCY"]
[Site "Jastrzebia Gora"]
[Date "1899-12-30"]
[Round "3.2"]
[White "Wojdak, Jan"]
[Black "Pazdzierz, Piotr"]
[Result "1-0"]
[WhiteTitle "II"]
[BlackTitle "II"]
[WhiteElo "1577"]
[BlackElo "1319"]

1. e4 c5 2. Nf3 d6 3. d4 cxd4 4. Nxd4 Nf6 5. Nc3 a6 6. Be3 e5 7. Nb3 Be6 8. f3
h5 9. Qd2 Nbd7 10. O-O-O Qc7 11. Kb1 g6 12. Be2 Be7 13. h3 Nb6 14. g4 h4 15. f4
O-O-O 16. f5 gxf5 17. gxf5 Bd7 18. Bf2 Bc6 19. Qe3 Nfd7 20. Rhg1 Rdg8 21. Qd3
Kb8 22. Na5 Nc5 23. Bxc5 dxc5 24. Nc4 Rd8 25. Qf3 Bf6 26. Nxb6 Qxb6 27. Bc4 Qc7
28. Bd5 Rhg8 29. Qe3 b6 30. Qh6 Rxg1 31. Rxg1 Rd6 32. Rg8+ Ka7 33. Qe3 Bxd5 34.
Nxd5 Qd7 35. c4 Qc6 36. Qh6 Bd8 37. Qf8 f6 38. Rg7+ Rd7 39. Qe8 Rxg7 40. Qxc6
Rg1+ 41. Kc2 Rg2+ 42. Kb3 Rg3+ 43. Nc3 Rxh3 44. Qd7+ Kb8 45. Qxd8+ 1-0

[Event "FINAL MISTRZOSTW POLSKI MLODZIKOW 2016 - CHLOPCY"]
[Site "Jastrzebia Gora"]
[Date "1899-12-30"]
[Round "3.3"]
[White "Fiszer, Bartosz"]
[Black "Wierzbicki, Dawid"]
[Result "1-0"]
[WhiteTitle "CM"]
[BlackTitle "II"]
[WhiteElo "1557"]
[BlackElo "1269"]

1. c4 e5 2. g3 Nc6 3. Bg2 Nf6 4. Nf3 Bc5 5. O-O d6 6. Nc3 O-O 7. e3 Bg4 8. h3 Bxf3
9. Bxf3 Re8 10. d3 Qd7 11. Bg2 Rad8 12. b3 h6 13. Bb2 a6 14. a3 Ba7 15. b4 Ne7
16. Nd5 Nfxd5 17. cxd5 c6 18. dxc6 Nxc6 19. Rc1 Rc8 20. Qa4 Bb8 21. Rc3 d5 22.
Rfc1 Re6 23. Rc5 e4 24. dxe4 dxe4 25. b5 axb5 26. Qxb5 Rd8 27. Qa4 Ba7 28. R5c2
f5 29. Bf1 Nd4 30. Qxd7 Nf3+ 31. Kg2 Rxd7 32. Bc4 Kf7 33. Bxg7 1-0

[Event "FINAL MISTRZOSTW POLSKI MLODZIKOW 2016 - CHLOPCY"]
[Site "Jastrzebia Gora"]
[Date "1899-12-30"]
[Round "3.4"]
[White "Goral, Jan"]
[Black "Lyszczarz, Konrad"]
[Result "0-1"]
[WhiteTitle "II"]
[BlackTitle "II+"]
[WhiteElo "1273"]
[BlackElo "1515"]

1. d4 d5 2. c4 c6 3. cxd5 cxd5 4. Nc3 Nf6 5. Nf3 Nc6 6. Bf4 Bf5 7. e3 e6 8. Bb5
a6 9. Bxc6+ bxc6 10. Qa4 Qb6 11. O-O Be7 12. Rac1 O-O 13. Ne5 Rfc8 14. Nd1 c5
15. Qa3 Qa7 16. Qa4 Qb7 17. Rc3 c4 18. Rc1 Qb5 19. Nc3 Qxb2 20. Nc6 Bf8 21. Bg5
Kh8 22. Ne5 Kg8 23. Qd1 Ne4 24. Rc2 Nxc3 25. Rxb2 Nxd1 26. Rxd1 f6 27. g4 c3 28.
Rb3 Bc2 29. Rc1 Bxb3 30. Nd7 fxg5 31. Nb6 Ba3 32. axb3 Bxc1 33. Nxa8 Rxa8 34.
Kf1 Bd2 35. Ke2 Rc8 36. Kd1 c2+ 37. Kxd2 c1=Q+ 38. Ke2 Rf8 39. Kd3 Qd1+ 40. Kc3
Rc8+ 41. Kb4 Qc2 42. f4 Qc3+ 43. Ka3 Rb8 44. Ka4 Qb4# 0-1

[Event "FINAL MISTRZOSTW POLSKI MLODZIKOW 2016 - CHLOPCY"]
[Site "Jastrzebia Gora"]
[Date "1899-12-30"]
[Round "3.5"]
[White "Czernecki, Andrzej"]
[Black "Nowak, Filip"]
[Result "1-0"]
[WhiteTitle "II"]
[BlackTitle "II"]
[WhiteElo "1469"]
[BlackElo "1257"]

1. Nf3 d5 2. b3 e6 3. Bb2 Nf6 4. e3 c5 5. Be2 Nc6 6. O-O Bd6 7. d4 O-O 8. c4 cxd4
9. Nxd4 Nxd4 10. Bxd4 dxc4 11. Bxc4 Bb4 12. Nd2 b6 13. Nf3 Bb7 14. Qb1 h6 15.
Rd1 Qe7 16. Qb2 Bxf3 17. gxf3 Nd5 18. Bxg7 Qg5+ 19. Kh1 Qxg7 20. Rg1 Bc3 21. Rxg7+
Kxg7 22. Rg1+ Kh8 23. Qc1 Bb4 24. e4 1-0

[Event "FINAL MISTRZOSTW POLSKI MLODZIKOW 2016 - CHLOPCY"]
[Site "Jastrzebia Gora"]
[Date "1899-12-30"]
[Round "3.6"]
[White "Kejna, Piotr"]
[Black "Rzenca, Jerzy"]
[Result "1/2-1/2"]
[WhiteTitle "II"]
[BlackTitle "II"]
[WhiteElo "1410"]
[BlackElo "1196"]

1. e4 e5 2. Nf3 Nc6 3. Bc4 Bc5 4. c3 Nf6 5. d3 a6 6. Bb3 O-O 7. O-O d5 8. Re1 dxe4
9. dxe4 Qxd1 10. Bxd1 h6 11. Be3 Bxe3 12. Rxe3 Bg4 13. Nbd2 Rad8 14. Bc2 Rd7 15.
h3 Be6 16. Nb3 b6 17. Nbd2 Rfd8 18. Re2 Nh5 19. Nf1 Nf4 20. Re3 Nd3 21. b3 a5
22. Ng3 Nf4 23. Ne2 Nxe2+ 24. Rxe2 b5 25. Kf1 Kf8 26. Ke1 Kg8 27. Rd1 Rxd1+ 28.
Bxd1 Rd3 29. Re3 Rxe3+ 30. fxe3 f6 31. Kd2 g5 32. Ne1 Kf7 33. Be2 b4 34. c4 f5
35. exf5 Bxf5 36. Bf3 e4 37. Bh5+ Kf6 38. Be8 Ne5 39. Bh5 Bg6 40. Be2 c5 41. Nc2
Nd3 42. Bxd3 exd3 43. Ne1 Be4 44. g3 Kf5 45. Nxd3 Bg2 46. Nxc5 Bxh3 47. Ke2 h5
48. Nd3 h4 49. gxh4 gxh4 50. Ke1 Bg2 51. Nf4 Be4 52. Ke2 Bb1 53. Kd2 Be4 1/2-1/2

[Event "FINAL MISTRZOSTW POLSKI MLODZIKOW 2016 - CHLOPCY"]
[Site "Jastrzebia Gora"]
[Date "1899-12-30"]
[Round "3.7"]
[White "Fronczyk, Wiktor"]
[Black "Dziewonski, Dariusz"]
[Result "1/2-1/2"]
[WhiteTitle "II"]
[BlackTitle "II"]
[WhiteElo "1251"]
[BlackElo "1414"]

1. e4 c5 2. Nf3 d6 3. d4 cxd4 4. Nxd4 Nf6 5. Nc3 g6 6. Bd3 Bg7 7. h3 Nc6 8. Nb3
Be6 9. f4 Bxb3 10. axb3 a6 11. Ne2 Qc7 12. c3 Nd7 13. b4 O-O 14. g4 Qb6 15. Ng3
a5 16. b5 Na7 17. f5 Ne5 18. c4 Qd4 19. Be2 Qxd1+ 20. Kxd1 b6 21. Be3 Rab8 22.
Ra2 Rfc8 23. b3 Rc7 24. h4 Nc8 25. h5 Nd7 26. hxg6 hxg6 27. Bf1 Nc5 28. Rah2 Nxb3
29. Bh6 Be5 30. Bg5 Bg7 31. Bh6 Be5 32. Bg5 Bg7 33. Bh6 Be5 34. Bg5 Bg7 35. Bh6
Be5 36. Bg5 Bg7 37. Bh6 Be5 38. Bg5 1/2-1/2

[Event "FINAL MISTRZOSTW POLSKI MLODZIKOW 2016 - CHLOPCY"]
[Site "Jastrzebia Gora"]
[Date "1899-12-30"]
[Round "3.9"]
[White "Iwaszkiewicz, Grzegorz"]
[Black "Norek, Maciej"]
[Result "1-0"]
[WhiteTitle "II"]
[BlackTitle "II"]
[WhiteElo "1206"]
[BlackElo "1175"]

1. d4 Nf6 2. Bg5 Ne4 3. Bf4 c5 4. e3 Qb6 5. dxc5 Qxb2 6. Qd4 Qc1+ 7. Ke2 Qxc2+
8. Nd2 Nxd2 9. Qxd2 Qxc5 10. Rc1 Qh5+ 11. g4 Qb5+ 12. Ke1 Qc6 13. Rxc6 Nxc6 14.
Nf3 d6 15. Bb5 Bxg4 16. Nd4 Kd7 17. Qc2 Rc8 18. Qb3 e6 19. Kd2 Kd8 20. Bxc6 bxc6
21. Rc1 c5 22. Qb7 Rc7 23. Qb8+ Rc8 24. Qb7 Rc7 25. Nc6+ Kd7 26. Nb8+ Kd8 27.
Qa6 e5 28. Bg3 Bf3 29. Rb1 f6 30. Qd3 d5 31. Na6 Be4 32. Qc3 Bxb1 33. Nxc7 Kxc7
34. Qa5+ Kc6 35. f3 c4 36. e4 dxe4 37. Qa4+ Kc5 38. Bf2+ Kd5 39. Qb5+ Ke6 40.
Qxb1 exf3 41. Qe4 Bb4+ 42. Kc2 Rb8 43. Bxa7 Rc8 44. Qb7 Rd8 45. Qb6+ Rd6 46. Qxb4
Kd5 47. Qc5+ Ke6 48. Qxc4+ Kd7 49. Qe4 Rc6+ 50. Kb3 Ra6 51. Qb7+ 1-0

[Event "FINAL MISTRZOSTW POLSKI MLODZIKOW 2016 - CHLOPCY"]
[Site "Jastrzebia Gora"]
[Date "1899-12-30"]
[Round "3.10"]
[White "Wnek, Filip"]
[Black "Meers, Hubert"]
[Result "0-1"]
[WhiteTitle "II"]
[BlackTitle "II+"]
[WhiteElo "1188"]
[BlackElo "1607"]

1. e4 c5 2. Nf3 d6 3. d4 cxd4 4. Nxd4 Nf6 5. Nc3 a6 6. f3 e5 7. Nb3 Be6 8. Be3
Be7 9. Qd2 Nbd7 10. O-O-O b5 11. g4 Nb6 12. Kb1 Nc4 13. Bxc4 bxc4 14. Nd5 cxb3
15. Bb6 bxa2+ 16. Ka1 Qc8 17. Nc7+ Kd7 18. Nxa8 Qxa8 19. Qa5 Rb8 20. Be3 Rb5 21.
Qc3 Qc6 22. Qd2 Bd8 23. Rc1 Ba5 24. c3 Rb3 25. Rhd1 Ne8 26. Rc2 Nc7 27. h3 Nb5
28. Rdc1 Bc4 29. Bf2 Bd8 30. Bg3 Ke8 31. Be1 h6 32. h4 a5 33. g5 h5 34. Bg3 a4
35. Be1 a3 36. Rd1 Ba5 37. Qe3 Qb7 38. Rdc1 Nxc3 39. Bxc3 Bxc3 0-1

[Event "FINAL MISTRZOSTW POLSKI MLODZIKOW 2016 - CHLOPCY"]
[Site "Jastrzebia Gora"]
[Date "1899-12-30"]
[Round "3.11"]
[White "Malinowski, Szymon"]
[Black "Bogusz, Alan"]
[Result "1-0"]
[WhiteTitle "II+"]
[BlackTitle "II"]
[WhiteElo "1175"]
[BlackElo "1572"]

1. d4 f5 2. c4 Nf6 3. Nf3 g6 4. Bf4 Bg7 5. e3 d6 6. h3 O-O 7. Nc3 c6 8. Bd3 Na6
9. a3 Nc7 10. O-O Nd7 11. Bg3 e5 12. Be2 e4 13. Nd2 Nf6 14. Qb3 Kh8 15. Rad1 g5
16. Qb4 Nfe8 17. f4 Na6 18. Qb3 Bh6 19. fxg5 Bxg5 20. Ncxe4 Bh6 21. Nf2 Qe7 22.
Rfe1 Qxe3 23. Qxe3 Bxe3 24. Bh5 Bxf2+ 25. Kxf2 Ng7 26. Bxd6 Rd8 27. Be5 Kg8 28.
Bxg7 Kxg7 29. Nb3 Kf6 30. Bf3 Nc7 31. Re2 Be6 32. Rc2 Na6 33. Na5 Rab8 34. Nb3
Rd6 35. Na5 h6 36. g4 fxg4 37. hxg4 Kg5 38. Kg3 Rdd8 39. Re1 Nc7 40. Re5+ Kf6
41. Rh2 Kg6 42. Be4+ Kg7 43. Rd2 Rg8 44. Bf5 Bf7 45. Re7 Ne8 46. Rf2 Nd6 47. Bd3
Kf8 48. Rd7 Ke8 49. Rxd6 1-0

[Event "FINAL MISTRZOSTW POLSKI MLODZIKOW 2016 - CHLOPCY"]
[Site "Jastrzebia Gora"]
[Date "1899-12-30"]
[Round "3.12"]
[White "Krupinski, Mikolaj"]
[Black "Krahel, Karol"]
[Result "1/2-1/2"]
[WhiteTitle "II"]
[BlackTitle "II"]
[WhiteElo "1372"]
[BlackElo "1170"]

1. e4 e5 2. Nf3 Nc6 3. Bc4 Bc5 4. c3 Nf6 5. d3 O-O 6. Bg5 h6 7. Bh4 a5 8. Nbd2
d6 9. Nf1 Be6 10. Bb3 d5 11. Bxf6 gxf6 12. Qe2 b5 13. Ng3 a4 14. Bc2 d4 15. O-O
Kh7 16. Nh4 Ne7 17. Qf3 Ng6 18. Nhf5 Nf4 19. Qg4 Rg8 20. Qh4 Rg6 21. Kh1 Bxf5
22. exf5 Rg7 23. Ne4 Nxg2 24. Nxf6+ Qxf6 25. Qxf6 Rag8 26. Rg1 dxc3 27. bxc3 Bxf2
28. Qxg7+ Rxg7 29. Rxg2 Rxg2 30. Kxg2 Bb6 31. Rb1 c6 32. c4 a3 33. cxb5 cxb5 34.
Rxb5 Bd4 35. Kf3 Kg7 36. Rb3 Bb2 37. Rxb2 axb2 38. Ke4 Kf6 39. a4 Ke7 40. Kxe5
f6+ 41. Kd4 Kd6 42. Kc3 Kc5 43. Kxb2 Kb4 44. Kc1 h5 45. Kd2 h4 46. Ke3 Kc5 47.
d4+ Kd5 48. a5 Kc6 49. a6 Kb6 50. Bd3 h3 51. d5 Ka7 52. d6 Kb6 53. d7 Ka7 54.
d8=Q 1/2-1/2

[Event "FINAL MISTRZOSTW POLSKI MLODZIKOW 2016 - CHLOPCY"]
[Site "Jastrzebia Gora"]
[Date "1899-12-30"]
[Round "3.13"]
[White "Karwacki, Piotr"]
[Black "Wydmanski, Szymon"]
[Result "1-0"]
[WhiteTitle "II"]
[BlackTitle "III"]
[WhiteElo "1164"]
[BlackElo "1365"]

1. e4 c5 2. Nf3 d6 3. d4 cxd4 4. Nxd4 Nf6 5. Nc3 a6 6. Be3 e5 7. Nb3 Be7 8. f3
Be6 9. Qd2 O-O 10. O-O-O Nbd7 11. g4 Nb6 12. g5 Nfd7 13. f4 exf4 14. Bxf4 Ne5
15. h4 Bg4 16. Be2 Bxe2 17. Qxe2 Qc7 18. h5 Rac8 19. Nd4 Nbc4 20. Nd5 Qd8 21.
g6 fxg6 22. Ne6 Qd7 23. Nxf8 Rxf8 24. b3 Bf6 25. bxc4 Qa4 26. Nxf6+ gxf6 27. Bxe5
dxe5 28. c3 Rc8 29. hxg6 hxg6 30. Qh2 Qxc4 31. Qh3 b5 32. Qd3 Qxa2 33. Qd5+ Qxd5
34. exd5 Rxc3+ 35. Kb2 Rc8 36. Ra1 Ra8 37. d6 Kf7 38. Rhd1 f5 39. Rac1 f4 40.
Kc3 Ke6 41. Kb4 Rd8 42. Rc6 Kd7 43. Rxa6 e4 44. Rd4 e3 45. Re4 Re8 46. Ra7+ Kxd6
47. Rxe8 Kd5 48. Rf7 g5 49. Rf5+ Kd4 50. Rxg5 f3 51. Rf5 f2 52. Rf3 f1=Q 53. Rxf1
Kd3 54. Re1 Kd2 55. R1xe3 Kc2 56. Rd8 Kb1 57. Re2 Kc1 58. Rdd2 Kb1 59. Re1# 1-0

[Event "FINAL MISTRZOSTW POLSKI MLODZIKOW 2016 - CHLOPCY"]
[Site "Jastrzebia Gora"]
[Date "1899-12-30"]
[Round "3.14"]
[White "Rosenfeld, Noe"]
[Black "Dembicki, Karol"]
[Result "1-0"]
[WhiteTitle "II"]
[BlackTitle "II"]
[WhiteElo "1279"]
[BlackElo "1146"]

1. e4 e5 2. Nf3 Nc6 3. Bb5 a6 4. Bxc6 dxc6 5. Nc3 Bc5 6. O-O Qd6 7. h3 Be6 8. a3
O-O-O 9. b4 Ba7 10. Rb1 Ne7 11. Qe2 Ng6 12. d3 Nf4 13. Bxf4 exf4 14. e5 Qd7 15.
Qe4 g5 16. Nxg5 Rhg8 17. Qxf4 h6 18. Nxe6 Qxe6 19. Qf3 Rg6 20. Kh1 Qxe5 21. Ne4
f5 22. Ng3 f4 23. Rbe1 Qg5 24. Ne4 Qh4 25. Nc5 Rdg8 26. Rg1 a5 27. Qe4 Bxc5 28.
Qf5+ Kb8 29. bxc5 Qxf2 30. Re8+ Rxe8 31. Qxg6 Rd8 32. Qxh6 Qxc2 33. Qxf4 Qxc5
34. g4 Qd5+ 35. Qe4 Qxd3 36. Qxd3 Rxd3 37. Kh2 Kc8 38. g5 Rd8 39. g6 Rg8 40. h4
c5 41. h5 Rh8 42. Rg5 c4 43. g7 Rg8 44. h6 c3 45. h7 Rd8 46. g8=Q c2 47. Qxd8+
Kxd8 48. h8=Q+ Kd7 49. Qb2 Kc6 50. Qxc2+ Kb6 51. Qc5+ Ka6 52. Qxa5# 1-0

[Event "FINAL MISTRZOSTW POLSKI MLODZIKOW 2016 - CHLOPCY"]
[Site "Jastrzebia Gora"]
[Date "1899-12-30"]
[Round "3.15"]
[White "Kycia, Marek"]
[Black "Demski, Michal"]
[Result "0-1"]
[WhiteTitle "II"]
[BlackTitle "II"]
[WhiteElo "1138"]
[BlackElo "1278"]

1. e4 e5 2. Nf3 Nc6 3. Bb5 a6 4. Ba4 b5 5. Bb3 Bc5 6. c3 Nf6 7. d4 exd4 8. cxd4
Bb4+ 9. Bd2 Bxd2+ 10. Nbxd2 d5 11. e5 Ne4 12. O-O Bg4 13. h3 Bh5 14. Nb1 Ng5 15.
Nbd2 Nxd4 16. g4 Nxh3+ 17. Kh2 Bxg4 18. Kg3 Nf5+ 19. Kxg4 Nxf2+ 20. Rxf2 Ne3+
0-1